00337nam a2200121 i 4500001000300000245008200003260003500085300002200120040000800142041000800150080001600158008004100174bg 0aFizika wysokotemperaturnoj plazmy /cPerev. s ang. pod red. M. S. Rabinovica. aMoskwa :bIzdat. "Mir',c1972. as. 339 :bilustr. cBPK apol a533.9+537.5 s pl f |000 0 pol